| 000 | 00493nam a2200133 a 4500 | ||
|---|---|---|---|
| 008 | 120416s1975 ||||||||||||||||| || u | ||
| 050 | _aHF 5500.3.U5 Fer | ||
| 100 | _aFernandez, John P | ||
| 245 | 1 | 0 | _aBlack managers in white corporations |
| 260 |
_aNew York _bJohn Wiley and Sons _c[1975] |
||
| 300 | _axi, 308p. | ||
| 350 | _a0.00 | ||
| 995 |
_D0.00 _FCBU-MAIN LIBRARY (Kitwe) _H1 _I0.00 _UAVAILABLE _ZMain Library Open Access Collection |
||
| 999 |
_c35969 _d35969 |
||